Statistiken für Häufigste Nachnamen von Korea

Klicken Sie hier um das Quiz zu spielen!

Allgemein

  • Dieses Quiz wurde 271 mal gespielt
  • Das Durchschnittsergebnis liegt bei 5 aus 10

Antwortstatistiken

Nachnamen% Korrekt
Kim
92%
Lee
78%
Park
75%
Min
49%
Choi
43%
Jeon
42%
Jung
41%
Han
33%
Cha
28%
Shin
17%

Verteilung der Resultate

Perzentil nach korrekt beantworteten Fragen

Anzahl Personen mit jedem Resultat

Ihre Resultats-Entwicklung

Sie haben dieses Quiz noch nicht gespielt